000 00305nam a22001337a 4500
008 171002b xxu||||| |||| 00| 0 eng d
020 _a9780205381098
041 _aeng
080 _24TH
_a37
100 _a47
101 _aEDU
245 _aSOCIAL WORK SERVICES IN SCHOOLS
_cMEARES,P.A
942 _2udc
_cBK
999 _c31084
_d31084